MARC details
| 000 -CABECERA |
| campo de control de longitud fija |
01999nam a2200301 4500 |
| 003 - IDENTIFICADOR DEL NÚMERO DE CONTROL |
| campo de control |
EC-UNACH |
| 005 - FECHA Y HORA DE LA ÚLTIMA TRANSACCIÓN |
| campo de control |
20251027133041.0 |
| 006 - CÓDIGOS DE INFORMACIÓN DE LONGITUD FIJA--CARACTERÍSTICAS DEL MATERIAL ADICIONAL |
| campo de control de longitud fija |
s||||gr|||| 00| 00 |
| 008 - DATOS DE LONGITUD FIJA--INFORMACIÓN GENERAL |
| campo de control de longitud fija |
150116t9999 mx r gr 000 0 spa d |
| 020 ## - NÚMERO INTERNACIONAL ESTÁNDAR DEL LIBRO |
| Número Internacional Estándar del Libro |
978-9978-67-132-0 |
| 040 ## - FUENTE DE LA CATALOGACIÓN |
| Centro catalogador/agencia de origen |
EC-UNACH |
| Centro/agencia transcriptor |
EC-UNACH |
| 041 ## - CÓDIGO DE LENGUA |
| Código de lengua del texto/banda sonora o título independiente |
spa |
| 082 04 - NÚMERO DE LA CLASIFICACIÓN DECIMAL DEWEY |
| Número de edición |
23 |
| Número de clasificación |
302.2 |
| Número de documento/Ítem |
L017897 |
| 110 ## - ENTRADA PRINCIPAL--NOMBRE DE ENTIDAD CORPORATIVA |
| Nombre de entidad corporativa o nombre de jurisdicción como elemento de entrada |
Flacso |
| 245 ## - MENCIÓN DE TÍTULO |
| Título |
Gobernanza políticas publicas y aplicaciones de Internet |
| 250 ## - MENCIÓN DE EDICIÓN |
| Mención de edición |
Primera edición |
| 264 ## - Producción, publicación, distribución, fabricación y copyright |
| Lugar de producción, publicación, distribución, fabricación |
Ecuador |
| Nombre del de productor, editor, distribuidor, fabricante |
Flacso |
| Fecha de de producción, publicación, distribución, fabricación o copyright |
2006 |
| 300 ## - DESCRIPCIÓN FÍSICA |
| Extensión |
172 |
| 505 ## - NOTA DE CONTENIDO CON FORMATO |
| Nota de contenido con formato |
Gobernanza de internet Implicaciones y consecuencias - TICutiopia los ciudadanos y la gobernanza de internet - Rol creciente de los estados sobre la gobernanza de internet - El descubrimiento de la e-globalización de los estados - Censura y mecanismos de control vs Derechos ciudadanos - Censura , mecanismos de control y derechos ciudadanos - Políticas publicas de Internet - Migración y uso de TIC en Ecuador El caso de los telecentros de la red de la pastoral social - Políticas publicas e internet - Ausencia de políticas como política publica de internet- políticas ajenas y verticales - Identificación de políticas publicas de internet desarrolladas por los estados de la región - experiencias de gobierno electrónico en la región andina una visión de conjunto - Construcción de políticas de internet diseñadas desde practicas de participación ciudadana - Participación ciudadana , deliberación y compromiso cívico - Gobierno electrónico en el municipio de la paz teniendo puentes del e- gobierno a la e - gobernanza municipal - Construcción de políticas publicas de TIC diseñadas desde practicas de participación ciudadana. |
| 650 ## - PUNTO DE ACCESO ADICIONAL DE MATERIA--TÉRMINO DE MATERIA |
| Término de materia o nombre geográfico como elemento inicial |
Gobernanza de internet |
| 650 ## - PUNTO DE ACCESO ADICIONAL DE MATERIA--TÉRMINO DE MATERIA |
| Término de materia o nombre geográfico como elemento inicial |
Mecanismos de control vs derechos |
| 650 ## - PUNTO DE ACCESO ADICIONAL DE MATERIA--TÉRMINO DE MATERIA |
| Término de materia o nombre geográfico como elemento inicial |
Políticas publicas |
| 700 ## - PUNTO DE ACCESO ADICIONAL--NOMBRE DE PERSONA |
| Nombre de persona |
Mauro Cerbino y Alicia Richero |
| 942 ## - ELEMENTOS DE PUNTO DE ACCESO ADICIONAL (KOHA) |
| Fuente del sistema de clasificación o colocación |
Clasificación Decimal Dewey |
| Tipo de ítem Koha |
Libros |
| 999 ## - NÚMEROS DE CONTROL DE SISTEMA (KOHA) |
| Koha biblionumber |
14093 |